| 000 | 00444nam a2200133Ia 4500 | ||
|---|---|---|---|
| 008 | 171212s9999 xx 000 0 und d | ||
| 020 | _a9780801417108 | ||
| 100 | _aSteiner, Peter | ||
| 245 |
_cSteiner, Peter _aRussian Formalism _bA Metapoetics |
||
| 260 |
_bCornell University Press _c1984 |
||
| 650 | _aFormalism (Literary analysis) -- Soviet Union | ||
| 650 | _aLanguage & Literature | ||
| 856 | _uhttp://jstor.org/stable/10.7591/j.ctt1g69xpg | ||
| 999 |
_c351455 _d351455 |
||